000 00574nam a2200217Ia 4500
003 GCL
008 140319s9999 xx 000 0 eng d
040 _aGCL /
_cGCL
082 0 4 _a826.008
_bK O
100 1 _aKERMODE, FRANK
245 1 0 _aTHE OXFORD BOOK OF LETTERS /
_cKERMODE, FRANK
700 1 _aKERMODE, ANITA
260 _a[S.N] :
_bOXFORD UNIVERSITY PRESS ،
_c1995
300 _a559 P
650 0 4 _aSOCIAL LIFE - CUSTOMS
650 0 4 _aUNITED STATES
650 0 4 _aGREAT BRITAIN
650 0 4 _aENGLISH LITTERS
650 0 4 _aAMERICAN LITTERS
942 _2ddc
_cBK
999 _c23579
_d23579